| 000 | 00545nam a2200133Ia 4500 | ||
|---|---|---|---|
| 008 | 170221s9999 xx 000 0 und d | ||
| 100 | _aVickers, Greg. | ||
| 245 | 2 | _aA cross country comparison of best practices in recruitment and selection | |
| 245 | _cGreg Vickers, Georgia Southern University; Michael McDonald, Georgia Southern University; Jan Grimes, Georgia Southern University. | ||
| 260 | _bJournal of Management and Marketing Research | ||
| 260 | _c2015 | ||
| 650 | _xBusiness | ||
| 856 | _uhttp://www.aabri.com/manuscripts/131728.pdf | ||
| 999 |
_c309269 _d309269 |
||